000 00746nam a2200217Ii 4500
003 JO-AjNU
008 230605s9999||||xx |||||||||||||| ||und||
020 _a9953-4-0099-7
040 _aJO-AjNU
_bara
_erda
_cJO-AjNU
041 _aara
050 1 4 _aBP144.Z39 2003
100 3 _aزيدان،عبد الكريم,
_eauthor
_927349
245 0 0 _aالمدخل لدراسة الشريعة الإسلامية
250 _aط16
264 3 1 _aبيروت: مؤسسة الرسالة للطباعة والنشر والتوزيع، 2003
300 _a355ص
336 _atext
_btxt
_2rdacontent
337 _aunmediated
_bn
_2rdamedia
338 _avolume
_bnc
_2rdacarrier
650 4 _aالشريعة الاسلامية- فقه اسلامية
_927350
999 _aA10478
_c14046
_d14046